000 02929nam a2200385 a 4500
001 000045607
005 20201002052337.0
008 150211s20uu dr abc 000 0 spa d
020 _z9789945444026 (v. 1)
020 _z9789945400975 (v. 2)
020 _a9789945400533 (v.3)
020 _a9945400983 (v.4)
020 _z978994540055X (v.5)
020 _z9789945400568 (v.6)
020 _z9789945400576 (v.7)
040 _aDO-SdBNP
_bspa
_cBNPHU
082 _axxxx
_bxxxx
245 0 0 _aArtística / :
_beducación básica /
_cLuisa A. Mateo Dicló... [et al.]. ; producción editorial María del Jesús de la Rosa ; ilustraciones Orlando Martínez, Ramón Sandoval.
260 _aSanto Domingo :
_bActualidad Escolar 2000,
_c[20uu]
_fSerigraf
300 _av. :
_bil., mapas, retrs. ;
_c22 cm.
500 _aLa biblioteca solamente posee de los volumenes 1, 2, 3, 4 y 7 el libro del maestro y de los volumenes 5 y 6 de los libros de texto.
500 _aEducación básica
504 _aBibliografía
505 0 _av. 1 :
_tConoce la educación artística --
_tMe conozco --
_tLa exploración --
_tLa observación --
_tLa expresión artística --
_tLas artes y sus formas --
_tLas artes y la cultura --
_tValorando la historia nacional --
505 0 _av. 2 :
_tLa educación artística --
_tMe conozco --
_tLa exploración --
_tLa expresión artística --
_tLas artes y sus formas --
_tArte, cultura e historia --
505 0 _av .3 :
_tLa educación artística --
_tMe conozco --
_tLa exploración y la observación --
_tLa expresión artística --
_tLas artes y sus formas --
_tJugando a la cultura --
_tValorando la historia nacional /
_rLuisa A. Mateo Dicló --
_rCovadonga González --
_gv. 4 :
_tLa educación artística --
_tMe conozco --
_tLa exploración y la observación --
_tLa expresión artística --
_tLas artes y sus formas --
_tEl arte y la cultura --
_tValorando la historia nacional /
_rLuisa A. Mateo Dicló --
_rMercedes Hernández de Pérez --
_gv. 5 :
_tLa educación artística --
_tMe conozco --
_tLa exploración y observación --
_tLa expressión artística --
_tEl arte y sus formas --
_tEl arte, la cultura y la historia /
_rOmar Gil Bueno --
_rLuisa A. Mateo Dicló --
_gv. 6 :
_tLa educación artística --
_tLa exploración y observación --
_tEl arte y sus formas --
_tLas artes y la cultura /
_rAlba Peña Echezuria --
_rLuisa A. Mateo Dicló --
_gv. 7 :
_tLa educación artística --
_tLa exploración y la observación --
_tExpresión y creación artística --
_tEl arte y sus formas --
_tEl arte y la cultura /
_rMarianella Azócar --
_rLuisa A. Mateo Dicló --
700 1 _aPeña Echezuria, Alba
_973674
700 1 _aGil Bueno, Omar
_973246
700 1 _aAzócar, Marianella
_973247
700 1 _aMateo Dicló, Luisa A.
_973244
700 1 _aDel Jesús de la Rosa, María
_eprod. ed.
_973675
700 1 _aGonzález, Covadonga
_973676
700 1 _aMartínez, Orlando
_eil.
_973677
700 1 _aSandoval, Ramón
_eil.
_910955
999 _c45096
_d45096